Сказочные материалы Пинежья, собранные в 1927 г. (Запись № 6104892)

Подробности
000 -МАРКЕР
контрольное поле 00994nam0a22002411 4500
001 - ИДЕНТИФИКАТОР ЗАПИСИ
контрольное поле rc\2889454
005 - ИДЕНТИФИКАТОР ВЕРСИИ
контрольное поле 20260406100204.0
035 ## - ДРУГИЕ СИСТЕМНЫЕ НОМЕРА
Идентификатор записи (NLR Aleph) 007041811
100 ## - ДАННЫЕ ОБЩЕЙ ОБРАБОТКИ
Данные общей обработки 20110724d1928 u y0rusy50 ca
101 0# - ЯЗЫК РЕСУРСА
Язык текста, звукозаписи и т.д. русский
102 ## - СТРАНА ПУБЛИКАЦИИ ИЛИ ПРОИЗВОДСТВА
Страна публикации Российская Федерация
105 ## - ПОЛЕ КОДИРОВАННЫХ ДАННЫХ: ТЕКСТОВЫЕ МАТЕРИАЛЫ, МОНОГРАФИЧЕСКИЕ
Кодированные данные о монографическом текстовом документе y z |||||
200 1# - ЗАГЛАВИЕ И СВЕДЕНИЯ ОБ ОТВЕТСТВЕННОСТИ
Основное заглавие Сказочные материалы Пинежья, собранные в 1927 г.
210 ## - ПУБЛИКАЦИЯ, РАСПРОСТРАНЕНИЕ И ДР.
Место издания, распространения и т.д. [Ленинград]
Имя издателя, распространителя и т. д. Б. и.
Дата издания, распространения и т.д. [1928]
215 ## - ФИЗИЧЕСКАЯ ХАРАКТЕРИСТИКА
Специфическое обозначение материала и объем 41-48 с.
300 ## - ОБЩИЕ ПРИМЕЧАНИЯ
Текст примечания В кн.: Сказочная комиссия в 1927 г. Обзор работ под ред. Председ. комиссии акад. С.Ф. Ольденбурга. Л. 1928 с. 41-48
700 #1 - ИМЯ ЛИЦА - ПЕРВИЧНАЯ ОТВЕТСТВЕННОСТЬ
Код отношения Комментатор печатного текста
Графика поля Кириллица
Материалы, к которым относится поле rus
Начальный элемент ввода Никифоров
Часть имени, кроме начального элемента ввода А. И.
Дополнения к именам, кроме дат филолог, этнограф, фольклорист
Даты 1893-1942
Расширение инициалов личного имени Александр Исаакович
Идентификатор авторитетной/нормативной записи RU\NLR\AUTH\770288660
Системный номер авторитетной/нормативной записи 2692862
801 #0 - ИСТОЧНИК ЗАПИСИ
Страна Российская Федерация
Организация NLR
Правила каталогизации psbo
801 #1 - ИСТОЧНИК ЗАПИСИ
Страна Российская Федерация
Организация ELAR
Источник данных rusmarc
852 ## - МЕСТОНАХОЖДЕНИЕ И ШИФР ХРАНЕНИЯ
Идентификатор организации NLR
Шифр хранения (Call Number) Desideratum
942 ## - ДОПОЛНИТЕЛЬНЫЕ ЭЛЕМЕНТЫ ЗАПИСИ (АБИС)
Тип экземпляра АБИС Книга
980 ## - КОЛЛЕКЦИЯ
Название коллекции Национальная библиография
Экземпляры
Тип экземпляра Дата поступления Библиотека постоянного хранения Библиотека текущего хранения Место хранения Шифр хранения Штрих-код Статус экземпляра
Книга 26.10.2013 РНБ (Московский) РНБ (Московский) Русский книжный фонд , подручный Desideratum 7041811-10